| 000 | 00964cam a2200301 i 4500 | ||
|---|---|---|---|
| 001 | 40252 | ||
| 003 | Mx-PuUPA | ||
| 005 | 20230123134545.0 | ||
| 008 | 140415s1998 mx gr 000 0 spa d | ||
| 020 | _a9682434505 | ||
| 040 |
_aMx-PuUPA _bspa _cMx-PuUPA _dMx-PuUPA _erda |
||
| 041 | 0 | _aspa | |
| 100 | 1 |
_aEtling, Arlen, _913614 _eautor |
|
| 245 | 1 | 0 |
_aLiderazgo efectivo / _cArlen Etling |
| 250 |
_aPrimera edición / _benero |
||
| 264 | 1 |
_aMéxico, D. F. : _bEditorial Trillas, _c©1998 |
|
| 300 |
_a221 páginas ; _c23 cm |
||
| 336 |
_2rdacontent _atexto _btxt |
||
| 337 |
_2rdamedia _asin medio _bn |
||
| 338 |
_2rdacarrier _avolumen _bnc |
||
| 650 | 7 |
_2armarc _aAdministración industrial |
|
| 650 | 7 |
_2armarc _aAptitud de mando |
|
| 650 | 7 |
_2armarc _aLiderazgo |
|
| 942 |
_2ddc _cLI _h658.4092 _iE845 |
||
| 999 |
_c40252 _d40252 |
||